000 00319nam a22001337a 4500
008 181015b xxu||||| |||| 00| 0 eng d
020 _a9780309102384
041 _aeng
080 _a370
100 _a49
101 _aEDU
245 _aGlut Mastering Information Througs The Aigs
_cWright.A
942 _2udc
_cBK
999 _c49665
_d49665